| 000 | 00430nam a2200181Ia 4500 | ||
|---|---|---|---|
| 005 | 20240802043538.0 | ||
| 008 | 240331s9999 xx 000 0 und d | ||
| 020 | _a1856499817 | ||
| 082 |
_bWOM _a376 |
||
| 100 | _a\ | ||
| 245 | 0 | _aWomen and litracy | |
| 260 |
_aLondon & New Jersey _bZed Books Ltd _c1992 |
||
| 300 | _axii, 83 p ., | ||
| 650 | _aWomen | ||
| 650 | _aEducation | ||
| 700 |
_aBallara, Marcela _eedt |
||
| 942 | _cL | ||
| 999 |
_c2975 _d2975 |
||